Modern Production Concepts Theory and Applications. Proceedings of an International Conference, Fernuniversität, Hagen, FRG, August 20-24, 1990
Guardado en:
| Otros Autores: | , |
|---|---|
| Formato: | Libro |
| Lenguaje: | inglés |
| Publicado: |
Berlin
Springer
1991
|
| Edición: | 1. ed. |
| Etiquetas: |
Sin Etiquetas, Sea el primero en etiquetar este registro!
|
MARC
| LEADER | 00000nam a2200000 4500 | ||
|---|---|---|---|
| 001 | c023227 | ||
| 005 | 20221214094235.9 | ||
| 041 | 0 | |a eng | |
| 044 | |a DE | ||
| 245 | 1 | 0 | |a Modern Production Concepts |b Theory and Applications. Proceedings of an International Conference, Fernuniversität, Hagen, FRG, August 20-24, 1990 |c Edit. Günter Fandel, Günther Zäpfel |
| 250 | |a 1. ed. | ||
| 264 | 1 | |a Berlin |b Springer |c 1991 | |
| 300 | |a 739 s. | ||
| 700 | 1 | |a Fandel, Günter | |
| 700 | 1 | |a Zäpfel, Günther | |